000 00523nam a2200193Ia 4500
005 20250326145544.0
008 250326s9999 xx 000 0 und d
037 _aTextbook
040 _aFMSL
_beng
_cFMSL
041 _aeng
_2eng
084 _aX:8F Q6
_qFMSL
100 _aGupta A
245 0 _aFicial Accounting for management; Analytical perspective
_cGupta A
260 _aIndia
_bIndia, Pearson
_c2016
365 _b1198
650 _aManagement
942 _cTB
_hX:8F Q6
999 _c1307987
_d1307987